[Event "Bahamas op 2nd"]
[Site "Nassau"]
[Date "2011.04.17"]
[Round "4"]
[White "Small, Byron"]
[Black "Robinson, Hatchie"]
[Result "1/2-1/2"]
[WhiteElo "1790"]
[BlackElo "1777"]
[PlyCount "90"]
[EventDate "2011.04.15"]
[EventType "swiss"]
[EventRounds "4"]
[EventCountry "BAH"]
[SourceTitle "EXT 2015"]
[Source "ChessBase"]
[SourceDate "2014.11.20"]
[SourceVersion "1"]
[SourceVersionDate "2014.11.20"]
[SourceQuality "1"]

1. e4 Nf6 2. e5 Nd5 3. Nf3 d6 4. Bc4 e6 5. d4 Nb6 6. Bd3 g6 7. Bg5 Be7 8. Bh6 Nc6 9. Nc3 dxe5 10. dxe5 Nb4 11. 0-0 Nxd3 12. cxd3 Nd5 13. Ne4 f5 14. Nc3 c6 15. a3 Qb6 16. Qc2 Bd7 17. Rfe1 Qd8 18. Na4 g5 19. Nc5 Bc8 20. Nd4 Kf7 21. h4 gxh4 22. Nf3 Rg8 23. d4 h3 24. g3 Rg6 25. Qd2 Qg8 26. Kh2 b6 27. Nd3 Bf8 28. Ng5+ Ke8 29. Bxf8 Rxg5 30. Bh6 Rh5 31. Nf4 Nxf4 32. Bxf4 Rh4 33. Rg1 Rg4 34. Kxh3 Bb7 35. f3 c5 36. Kg2 Rd8 37. Kf2 Rxd4 38. Qe2 Rg7 39. Rad1 Rgd7 40. Qb5 Ke7 41. Rxd4 Rxd4 42. Be3 Rd5 43. b4 cxb4 44. Qxb4+ Kf7 45. Qc3 Qd8 1/2-1/2

[Event "Bahamas op 2nd"]
[Site "Nassau"]
[Date "2011.04.16"]
[Round "3"]
[White "Robinson, Hatchie"]
[Black "Gibson, Ken"]
[Result "1-0"]
[WhiteElo "1777"]
[BlackElo "1895"]
[PlyCount "28"]
[EventDate "2011.04.15"]
[EventType "swiss"]
[EventRounds "4"]
[EventCountry "BAH"]
[SourceTitle "EXT 2015"]
[Source "ChessBase"]
[SourceDate "2014.11.20"]
[SourceVersion "1"]
[SourceVersionDate "2014.11.20"]
[SourceQuality "1"]

1. d4 Nf6 2. c4 g6 3. Nc3 Bg7 4. Nf3 d6 5. e3 0-0 6. Be2 e6 7. 0-0 d5 8. b3 c5 9. Bb2 b6 10. Qd2 Bb7 11. Rad1 Qc7 12. h3 Rd8 13. Nb5 Qe7 14. a4 Nc6 1-0